000 00683nam a2200229Ia 4500
003 OSt
005 20220918205423.0
006 a|||||r|||| 00| 0
007 ta
008 220917b |||||||| |||| 00| 0 eng d
024 _a116,517
037 _cTextual
040 _aARTS
_cARTS
_beng
041 _2eng
_aeng
082 _aV59231:2:M1, J9
100 _aWangermann E
_9115074
245 0 _aFrom Joseph ll to the Jacobin trials
_b Government policy and public opinion in the Habusburg dominions in the period of the French revolution
260 _c1959
650 _aHISTORY
942 _hV59231:2:M1, J9
_cTEXL
_2CC
999 _c239844
_d239844